ნორმალური ფორმატი
MARC ფორმატი
ჩანაწერი Personal Name
ჩანაწერთა რაოდენობა, რომელიც გამოყენებულია: 1
001 - CONTROL NUMBER
- control field: 22711
003 - CONTROL NUMBER IDENTIFIER
- control field: GE_BSU
005 - DATE AND TIME OF LATEST TRANSACTION
- control field: 20240704134424.0
008 - FIXED-LENGTH DATA ELEMENTS
- fixed length control field: 240704|| aca||aabn | a|a d
040 ## - CATALOGING SOURCE
- Original cataloging agency: GE_BSU
- Transcribing agency: GE_BSU
100 ## - HEADING--PERSONAL NAME
- Personal name: ჭინჭარაული, ლალი და სხვ.
- Relator term: სარედაქციო ჯგუფი
670 ## - SOURCE DATA FOUND
- Source citation: Work cat.: (GE_BSU): დაისი, რაიან, ავტორი. 22709, ციფრული მარკეტინგი მარტივად /
